[Event "WJCC U20 Open 2019"]
[Site "New Delhi"]
[Date "2019.10.24"]
[Round "10.8"]
[White "Kollars, Dmitrij"]
[Black "Haria, Ravi"]
[Result "1-0"]
[WhiteElo "2587"]
[BlackElo "2463"]
[Annotator "ChessBase"]
[PlyCount "117"]
[EventDate "2019.10.15"]
[EventType "swiss"]
[EventCountry "IND"]
[SourceTitle "playchess.com"]
[Source "ChessBase"]
[SourceQuality "1"]
[TimeControl "40/5400+30:1800+30"]

1. c4 {[%emt 0:00:00]} e6 {[%emt 0:01:15]} 2. g3 {[%emt 0:00:00]} d5 {[%emt 0:00:54]} 3. Nf3 {[%emt 0:00:24]} Nf6 {[%emt 0:00:18]} 4. Bg2 {[%emt 0:00:04]} Be7 {[%emt 0:04:55]} 5. b3 {[%emt 0:00:07]} O-O {[%emt 0:00:52]} 6. O-O {[%emt 0:00:09]} b6 {[%emt 0:02:53]} 7. Bb2 {[%emt 0:00:13]} Bb7 {[%emt 0:00:04]} 8. cxd5 {[%emt 0:00:29]} Nxd5 {[%emt 0:02:08]} 9. d4 {[%emt 0:07:19]} Nf6 {[%emt 0:06:05]} 10. Nbd2 {[%emt 0:02:59]} c5 {[%emt 0:03:31]} 11. Nc4 {[%emt 0:12:19]} Nbd7 {[%emt 0:08:03]} 12. Rc1 {[%emt 0:01:21]} b5 {[%emt 0:04:37]} 13. Nce5 {[%emt 0:04:38]} Nxe5 {[%emt 0:09:29]} 14. Nxe5 {[%emt 0:00:34]} Bxg2 {[%emt 0:00:07]} 15. Kxg2 Qd5+ {[%emt 0:03:06]} 16. f3 {[%emt 0:02:12]} Rac8 {[%emt 0:04:39]} 17. e4 {[%emt 0:03:05]} Qb7 {[%emt 0:00:54]} 18. dxc5 {[%emt 0:00:37]} Bxc5 {[%emt 0:00:54]} 19. Qe2 {[%emt 0:02:17]} a6 {[%emt 0:03:42]} 20. Rc2 {[%emt 0:05:57]} Nd7 {[%emt 0:09:10]} 21. Nd3 {[%emt 0:09:01]} Ba7 {[%emt 0:03:37]} 22. Rfc1 {[%emt 0:01:20]} h6 {[%emt 0:05:12]} 23. Qd2 {[%emt 0:04:31]} Rfd8 {[%emt 0:05:54]} 24. Qf4 {[%emt 0:01:32]} Rxc2+ {[%emt 0:05:42]} 25. Rxc2 {[%emt 0:00:02]} Rc8 {[%emt 0:06:59]} 26. Rd2 {[%emt 0:03:11]} Qb6 {[%emt 0:02:14]} 27. Nf2 {[%emt 0:01:12]} Qe3 {[%emt 0:02:36]} 28. Qxe3 {[%emt 0:17:26]} Bxe3 {[%emt 0:00:06]} 29. Re2 {[%emt 0:00:03]} Bc1 {[%emt 0:01:55]} 30. Bd4 {[%emt 0:00:59]} e5 {[%emt 0:00:54]} 31. Ba1 {[%emt 0:00:29]} f6 {[%emt 0:01:51]} 32. Nd3 {[%emt 0:00:14]} Kf7 {[%emt 0:00:35]} 33. f4 {[%emt 0:01:54]} Ke6 {[%emt 0:00:33]} 34. Nxc1 {[%emt 0:07:43]} Rxc1 {[%emt 0:00:01]} 35. Bb2 {[%emt 0:00:04]} Rc6 {[%emt 0:00:50]} 36. Rd2 {[%emt 0:01:11]} Ke7 {[%emt 0:00:49]} 37. Ba3+ {[%emt 0:01:21]} Ke8 {[%emt 0:00:24]} 38. Bb4 {[%emt 0:00:03]} Nf8 {[%emt 0:00:37]} 39. f5 {[%emt 0:04:15]} Nd7 {[%emt 0:00:16]} 40. Kf3 {[%emt 0:00:06]} Nb6 {[%emt 0:00:46]} 41. Kg4 {[%emt 0:31:47]} Nc8 {[%emt 0:23:56]} 42. Kh5 {[%emt 0:00:00]} Ne7 {[%emt 0:00:08]} 43. Bxe7 {[%emt 0:00:00]} Kxe7 {[%emt 0:00:04]} 44. Kg6 {[%emt 0:00:00]} Rc3 {[%emt 0:01:13]} 45. Kxg7 {[%emt 0:00:00]} h5 {[%emt 0:03:28]} 46. Kg6 {[%emt 0:00:00]} Re3 {[%emt 0:00:27]} 47. Kxh5 {[%emt 0:00:00]} Rxe4 {[%emt 0:00:04]} 48. h4 {[%emt 0:00:00]} Re3 {[%emt 0:02:45]} 49. g4 {[%emt 0:00:00]} Rh3 {[%emt 0:00:14]} 50. Rd5 {[%emt 0:00:00]} Rh2 {[%emt 0:02:29]} 51. a4 {[%emt 0:00:00]} bxa4 {[%emt 0:00:29]} 52. bxa4 {[%emt 0:00:00]} Rh3 {[%emt 0:00:41]} 53. Ra5 {[%emt 0:00:00]} e4 {[%emt 0:00:31]} 54. Rxa6 {[%emt 0:00:00]} e3 {[%emt 0:00:29]} 55. a5 {[%emt 0:00:00]} Kf7 {[%emt 0:00:31]} 56. Re6 {[%emt 0:00:00]} Rf3 {[%emt 0:00:31]} 57. a6 {[%emt 0:00:00]} Rf4 {[%emt 0:00:31]} 58. Rxe3 {[%emt 0:00:00]} Ra4 {[%emt 0:00:07]} 59. Re6 {[%emt 0:00:00]} 1-0

[Event "WJCC U20 Open 2019"]
[Site "New Delhi"]
[Date "2019.10.24"]
[Round "10.9"]
[White "Praggnanandhaa R"]
[Black "Drygalov, Sergey"]
[Result "1-0"]
[WhiteElo "2567"]
[BlackElo "2470"]
[Annotator "TA"]
[PlyCount "63"]
[EventDate "2019.10.15"]
[EventType "swiss"]
[EventCountry "IND"]
[SourceTitle "playchess.com"]
[Source "ChessBase"]
[SourceQuality "1"]

{[%evp 15,63,19,31,-27,-12,-10,-8,-27,-32,-56,-44,-66,-65,-51,0,0,0,0,0,0,181,143,174,95,110,129,95,22,170,170,170,170,231,239,281,265,284,278,514,514,785,775,949,943,909,788,1170,1147,29992,29993]} 1. e4 c5 2. Nf3 d6 3. d4 cxd4 4. Nxd4 Nf6 5. Nc3 a6 6. Bg5 e6 7. Qf3 Be7 8. O-O-O Nbd7 9. Bd3 {B95: Sicilian Najdorf: 6 Bg5 e6, unusual White 7th moves} (9. Bd2 $14) (9. Be2 Qc7 10. Qg3 Nc5 11. Bf3 Bd7 12. Rhe1 Rc8 13. e5 dxe5 14. Rxe5 Na4 15. Bf4 Qc4 16. Be2 Qb4 17. Nxa4 Bxa4 {0-1 (29) Sosa,T (2499)-Moussard,J (2605) Caleta 2019}) 9... Ne5 $11 10. Qh3 h6 11. Be2 $146 {The position is equal.} ({Predecessor:} 11. Rhe1 Qa5 12. Bd2 Nxd3+ 13. Qxd3 Qc7 14. f4 Nd7 15. Nf5 g6 16. Nxe7 Kxe7 {1-0 (35) Westerinen,H (2385)-Homatidis,P (2007) Nikaia 2007}) 11... Bd7 12. Be3 Rc8 {aiming for ...Rxc3!} 13. f4 Rxc3 14. fxe5 Nxe4 ({Black should try} 14... Nd5 $1 $15 15. bxc3 (15. exd5 Rxe3 {[%mdl 64] Double Attack} 16. Bf3 Bg5 $15) 15... Nxe3) 15. exd6 Qa5 16. Kb1 $1 Nf2 17. Qg3 Nxh1 $2 (17... Nxd1 $11 {and Black is okay.} 18. Qxg7 (18. dxe7 $2 Rxe3 19. Qxg7 Qe5 $19) 18... Bf8 19. Qxh8 Nxe3 20. bxc3 Qxc3) 18. Qe1 $1 $18 {[%mdl 64] Pin} ({Inferior is} 18. Qxg7 Rxe3 19. Qxh8+ Bf8 $17) 18... Bg5 19. Nb3 $40 {[%mdl 128] Black is in trouble.} ({Better is} 19. Bxg5 $18 hxg5 20. bxc3) 19... Rxb3 $16 20. Qxa5 Rxe3 {[#]} 21. Qe1 (21. h4 $1 $16 {[%cal Rh4g5]} Bxh4 22. Rxh1 Rxe2 23. Rxh4) 21... Bf4 {[#]} (21... O-O $11 22. Qf1 Bh4) 22. Qf1 $1 $18 {[%cal Rf1f4]} Bxh2 {Strongly threatening ...Ng3.} 23. Qxh1 Bf4 {[#]} (23... Rxe2 {might work better.} 24. Qxh2 O-O) 24. g3 $1 {[%mdl 512]} Bc6 {[#]} (24... Rxg3 25. Qxb7) 25. d7+ $1 {[%mdl 512]} Kd8 (25... Bxd7 26. Qxb7) 26. Qf1 Be5 $2 {[#]} (26... Bc7 {was worth a try.} 27. Qf2 Re5) 27. Bxa6 $1 {[%mdl 512]} Bxg3 (27... Bf3 $142 28. Qg1 Bxd1) (27... bxa6 28. Qxa6) 28. Qg1 Bf4 29. Qxg7 {[%mdl 64] Double Attack} Be5 30. Qg1 Rg3 31. Qa7 {Intending Qa8+ and mate.} Bf3 32. Qa8+ {Accuracy: White = 63%, Black = 46%.} 1-0

[Event "WJCC U20 Open 2019"]
[Site "New Delhi"]
[Date "2019.10.24"]
[Round "10.10"]
[White "Harsha Bharathakoti"]
[Black "Rahul Srivatshav P"]
[Result "1-0"]
[WhiteElo "2530"]
[BlackElo "2460"]
[Annotator "TA"]
[PlyCount "71"]
[EventDate "2019.10.15"]
[EventType "swiss"]
[EventCountry "IND"]
[SourceTitle "playchess.com"]
[Source "ChessBase"]
[SourceQuality "1"]

{[%evp 14,71,16,18,23,23,25,16,53,41,23,8,0,27,36,29,43,36,62,0,11,-66,-62,-64,-48,-64,0,0,0,0,0,-3,0,0,0,0,189,168,329,332,1122,662,833,832,29966,29968,29966,29967,29967,29970,29968,29969,29969,29972,29970,5808,2060,0,1608,836]} 1. e4 c5 2. Nf3 e6 3. d4 cxd4 4. Nxd4 Nc6 5. Nc3 Qc7 6. g3 a6 7. Bg2 Nf6 8. O-O h5 {B47: Sicilian: Taimanov: 5 Nc3 Qc7 6 f4, 6 g3 and 6 Be2} 9. h3 Bc5 10. Nxc6 bxc6 {The position is equal.} 11. Na4 Ba7 $1 12. Qd3 $146 ({Predecessor:} 12. Bf4 e5 13. Bg5 d6 14. Qd3 Nh7 15. Be3 Bxe3 16. Qxe3 {½-½ (47) Jakovenko,D (2726)-Svidler,P (2756) Loo 2014}) 12... h4 {And now ...hxg3 would win.} 13. g4 d5 14. Be3 a5 15. Bxa7 Qxa7 16. Qc3 ({Better is} 16. Rfe1 $1 $14) 16... O-O $11 17. e5 (17. Rfe1 $11) 17... Nd7 $15 18. Rfe1 Ba6 19. Qd2 Rfb8 ({Black should try} 19... f5 $15 20. Bf3 Qc7) 20. b3 $11 Bb5 21. Nc3 a4 22. Rad1 axb3 23. axb3 Ba6 24. Qg5 Qc5 $2 {[#]} (24... Nf8 $11) 25. Ne4 $1 $18 {[%cal Re4c5][%mdl 512]} dxe4 $2 ({Wrong is} 25... Qxc2 $2 26. Rd2 $18) (25... Qf8) 26. Rxd7 Qc3 $2 (26... Ra7 27. Rxa7 Qxa7 28. Bxe4 Qd7) 27. Re3 Qa1+ 28. Kh2 Rb5 29. Rd8+ Rxd8 30. Qxd8+ Kh7 31. Qxh4+ Kg8 32. Qd8+ Kh7 33. Bxe4+ {[%mdl 64] Double Attack} g6 {[#]} 34. Qh4+ (34. Bxg6+ $142 $1 {[%mdl 512]} fxg6 35. Qe7+ {[%mdl 64] Double Attack} Kh8 36. Qf6+ Kh7 37. Qf7+ Kh8 38. Qxg6 Qd4 39. Rf3 Qxe5+ 40. Kg1) 34... Kg8 35. Qd8+ Kh7 36. Qf6 {Accuracy: White = 73%, Black = 36%.} 1-0

[Event "WJCC U20 Open 2019"]
[Site "New Delhi"]
[Date "2019.10.24"]
[Round "10.11"]
[White "Iniyan, P."]
[Black "Raja Harshit"]
[Result "1/2-1/2"]
[WhiteElo "2509"]
[BlackElo "2440"]
[Annotator "TA"]
[PlyCount "104"]
[EventDate "2019.10.15"]
[EventType "swiss"]
[EventCountry "IND"]
[SourceTitle "playchess.com"]
[Source "ChessBase"]
[SourceQuality "1"]

{[%evp 12,104,28,27,16,29,21,14,50,40,47,26,24,18,30,5,23,10,47,57,45,0,6,0,0,1,14,17,12,10,27,27,17,2,18,17,17,18,20,7,8,6,7,7,7,6,6,6,7,0,11,22,40,31,33,47,86,15,15,15,16,0,0,0,0,0,0,0,0,0,0,0,0,0,0,0,0,0,0,0,0,0,0,0,0,0,0,0,0,0,0,0,0,0,0]} 1. d4 Nf6 2. c4 e6 3. Nf3 d5 4. Nc3 Bb4 5. cxd5 exd5 6. Bg5 O-O 7. e3 h6 {D38: Queen's Gambit Declined: Ragozin Defence (4 Nf3 Bb4)} 8. Bh4 c5 (8... Bf5 9. Be2 Nbd7 10. Qb3 Ba5 11. O-O c6 12. Ne5 Qb6 13. Nxd7 Nxd7 14. Rfc1 Qxb3 15. axb3 {½-½ (26) Giri,A (2797)-Navara,D (2739) Shamkir 2019}) 9. Bd3 Nc6 $146 ({Predecessor:} 9... Bg4 10. O-O cxd4 11. exd4 {½-½ (42) Iniyan,P (2368)-Hua,E (2142) Khanty-Mansiysk 2016}) 10. O-O cxd4 11. exd4 Bg4 12. Bxf6 Qxf6 13. Nxd5 Qd6 $1 {[%cal Rd6d5]} 14. Ne3 Bxf3 15. Qxf3 Qxd4 16. Nc2 Qb6 17. Qe4 {[%csl Gd3][%cal Re4h7] [#]} g6 18. Nxb4 Qxb4 19. Qxb4 Nxb4 20. Be4 Nc6 21. Rac1 Rfd8 22. f3 Rd2 23. Rf2 Rad8 24. Bxc6 bxc6 $11 {[%mdl 4096] Endgame KRR-KRR} 25. Re1 h5 26. Kf1 Kf8 27. Rxd2 Rxd2 {KR-KR} 28. Re2 Rd1+ 29. Kf2 Ra1 30. a3 Rb1 31. Ke3 Ke7 32. Kf4+ Kf6 33. Rc2 c5 34. Kg3 ({Better is} 34. h4 $16) 34... Ke6 {The position is equal.} 35. Rxc5 {Hoping for b4.} Rxb2 36. Rc7 h4+ 37. Kh3 g5 38. Rxa7 f5 39. a4 {[%cal Ba3a4,Ba4a5,Ba5a6][%mdl 32]} g4+ {[%mdl 64] [#] Decoy} 40. fxg4 fxg4+ 41. Kxg4 {aiming for Kh3.} Rxg2+ 42. Kh3 Ra2 43. a5 Kf6 44. Kxh4 {Strongly threatening h3.} Rxh2+ 45. Kg3 Ra2 46. a6 Ke5 47. Ra8 {Threatens to win with a7.} Kd6 48. a7 {And now Rd8+ would win.} Kc7 49. Rh8 Ra3+ 50. Kh2 Rxa7 51. Rh7+ Kb6 52. Rxa7 Kxa7 {Accuracy: White = 51%, Black = 75%.} 1/2-1/2

[Event "WJCC U20 Open 2019"]
[Site "New Delhi"]
[Date "2019.10.24"]
[Round "10.12"]
[White "Davtyan, Artur"]
[Black "Arjun Kalyan"]
[Result "0-1"]
[WhiteElo "2418"]
[BlackElo "2483"]
[Annotator "TA"]
[PlyCount "112"]
[EventDate "2019.10.15"]
[EventType "swiss"]
[EventCountry "IND"]
[SourceTitle "playchess.com"]
[Source "ChessBase"]
[SourceQuality "1"]

{[%evp 13,112,31,28,17,22,25,15,28,25,35,31,18,22,26,29,-115,-122,-116,-120,-117,-116,-122,-118,-112,-110,-127,-127,-128,-122,-134,-133,-133,-131,-153,-133,-156,-131,-170,-166,-181,-166,-189,-163,-185,0,-186,-174,-180,-190,-195,-195,-195,-195,-238,-237,-264,-256,-283,-283,-257,-243,-243,-243,-235,-235,-223,-221,-216,-230,-281,-274,-302,-212,-306,-288,-366,-353,-388,-385,-468,-420,-492,-488,-529,-436,-451,-441,-729,-633,-851,-794,-1231,-1110,-1208,-1289,-29975,-29977,-29974,-29975,-29985,-29985]} 1. d4 d5 2. c4 e6 3. Nc3 Be7 4. cxd5 exd5 5. Bf4 Nf6 6. e3 Bf5 7. Qb3 Nc6 8. g4 {D35: Queen's Gambit Declined: Exchange Variation} Nxg4 9. Qxd5 Qxd5 (9... Qc8 10. a3 Nf6 11. Qg2 O-O 12. Bc4 Na5 13. Ba2 c5 14. dxc5 Qxc5 15. Nge2 Nc4 16. Bxc4 Qxc4 {½-½ (38) Nakamura,H (2780)-Topalov,V (2749) Saint Louis 2017}) 10. Nxd5 {The position is equal.} Bb4+ 11. Nxb4 Nxb4 12. Rc1 c6 13. a3 Nd5 {[#]} 14. Bg3 $146 {[#]} (14. Ne2 $11 {keeps the balance.}) ({Predecessor:} 14. h3 Ngf6 15. Ne2 O-O {0-1 (62) Gustafsson,J (2625)-Baramidze,D (2611) Oberhof 2012}) 14... Ngxe3 $1 $17 {[%mdl 512]} 15. fxe3 {Strongly threatening Kf2.} Be4 16. Nf3 Bxf3 17. Rg1 O-O 18. Kf2 Be4 19. Bc4 f6 20. h4 g6 21. Ke2 Kg7 22. Bxd5 Bxd5 23. Kd2 Rfe8 24. Rgf1 Re6 25. Rf2 Rae8 26. Rc3 h6 27. Rf1 Re4 28. Rf4 R4e6 29. Rf1 R8e7 30. b4 b5 31. Rf2 {[#]} a5 $1 {[%mdl 512]} 32. bxa5 Ra7 33. Rf1 Rxa5 34. Re1 Re4 35. Bf4 Ra8 36. Rg1 Kh7 37. Rf1 Re6 38. Bg3 Kg7 39. Rf2 Be4 40. Rf1 g5 41. Rf2 Kg6 42. Rf1 Re7 43. hxg5 (43. Rb3 $142) 43... fxg5 $19 ({Don't do} 43... hxg5 44. Rf2 $19) 44. Bd6 Re6 45. Be5 h5 46. Rg1 Kh6 47. Ke2 h4 48. Rg4 Bf5 49. Rg1 Kh5 50. Kf3 (50. Rcc1 $142) 50... g4+ 51. Ke2 {[#]} b4 $1 {[%mdl 512]} 52. axb4 Ra2+ 53. Kd1 g3 54. Re1 {[#]} Rxe5 $1 {[%mdl 512] Black mates.} 55. dxe5 g2 56. Rc4 h3 {Accuracy: White = 27%, Black = 83%.} 0-1

[Event "WJCC U20 Open 2019"]
[Site "New Delhi"]
[Date "2019.10.24"]
[Round "10.13"]
[White "Gazik, Viktor"]
[Black "Mendonca, Leon Luke"]
[Result "0-1"]
[WhiteElo "2546"]
[BlackElo "2388"]
[Annotator "ChessBase"]
[PlyCount "96"]
[EventDate "2019.10.15"]
[EventType "swiss"]
[EventCountry "IND"]
[SourceTitle "playchess.com"]
[Source "ChessBase"]
[SourceQuality "1"]
[TimeControl "40/5400+30:1800+30"]

1. e4 {[%emt 0:00:00]} c5 {[%emt 0:00:00]} 2. Nf3 {[%emt 0:00:00]} d6 {[%emt 0:00:00]} 3. d4 {[%emt 0:00:00]} cxd4 {[%emt 0:00:04]} 4. Nxd4 {[%emt 0:00:00]} Nf6 {[%emt 0:00:16]} 5. Nc3 {[%emt 0:00:00]} a6 {[%emt 0:00:52]} 6. h3 {[%emt 0:00:00]} e5 {[%emt 0:00:33]} 7. Nb3 {[%emt 0:00:00]} Be6 {[%emt 0:02:09]} 8. f4 {[%emt 0:00:00]} Be7 {[%emt 0:01:33]} 9. f5 {[%emt 0:09:13]} Bc8 {[%emt 0:00:13]} 10. g4 {[%emt 0:11:38]} h6 {[%emt 0:00:29]} 11. a4 {[%emt 0:05:42]} b6 {[%emt 0:01:34]} 12. Bg2 {[%emt 0:02:20]} Bb7 {[%emt 0:01:09]} 13. Qe2 {[%emt 0:09:25]} Nbd7 {[%emt 0:07:59]} 14. Bd2 {[%emt 0:04:28]} b5 {[%emt 0:25:31]} 15. axb5 {[%emt 0:02:29]} axb5 {[%emt 0:00:39]} 16. Rxa8 {[%emt 0:03:40]} Qxa8 {[%emt 0:02:44]} 17. O-O {[%emt 0:12:08]} b4 {[%emt 0:05:31]} 18. Nb5 {[%emt 0:00:17]} O-O {[%emt 0:04:05]} 19. Ra1 {[%emt 0:02:33]} Qb8 {[%emt 0:10:25]} 20. Bxb4 {[%emt 0:02:11]} Bxe4 {[%emt 0:02:31]} 21. Bxe4 {[%emt 0:01:37]} Nxe4 22. c4 {[%emt 0:02:44]} Ndf6 {[%emt 0:06:04]} 23. Kh2 {[%emt 0:02:17]} Re8 {[%emt 0:05:17]} 24. Ra7 {[%emt 0:02:41]} Bf8 {[%emt 0:04:39]} 25. Ba5 {[%emt 0:06:00]} d5 {[%emt 0:06:12]} 26. Bc7 {[%emt 0:02:25]} Qc8 {[%emt 0:00:03]} 27. cxd5 {[%emt 0:02:19]} Nc5 {[%emt 0:08:54]} 28. Qc4 {[%emt 0:01:17]} Nxb3 {[%emt 0:01:13]} 29. Qxb3 {[%emt 0:00:02]} Bc5 {[%emt 0:01:45]} 30. Ra1 {[%emt 0:01:21]} Qd7 {[%emt 0:01:26]} 31. d6 {[%emt 0:04:01]} e4 {[%emt 0:00:44]} 32. Re1 {[%emt 0:09:32]} e3 {[%emt 0:00:44]} 33. Qd3 {[%emt 0:02:35]} Qc6 {[%emt 0:00:31]} 34. Nc3 {[%emt 0:00:28]} Qf3 {[%emt 0:00:36]} 35. Re2 {[%emt 0:00:01]} Qf4+ {[%emt 0:00:31]} 36. Kg2 {[%emt 0:00:02]} Ra8 {[%emt 0:00:19]} 37. Nd5 {[%emt 0:02:22]} Nxd5 {[%emt 0:00:20]} 38. Qxd5 {[%emt 0:00:02]} Ra1 {[%emt 0:00:16]} 39. d7 {[%emt 0:00:43]} Qf1+ {[%emt 0:00:46]} 40. Kg3 {[%emt 0:00:02]} Qxe2 {[%emt 0:00:40]} 41. d8=Q+ {[%emt 0:06:45]} Kh7 {[%emt 0:00:02]} 42. Kh4 {[%emt 0:17:47]} Qf2+ {[%emt 0:02:29]} 43. Bg3 {[%emt 0:00:07]} e2 {[%emt 0:00:23]} 44. Qc7 {[%emt 0:04:32]} e1=Q {[%emt 0:13:54]} 45. Bxf2 {[%emt 0:00:04]} Bxf2+ {[%emt 0:00:09]} 46. Kh5 {[%emt 0:00:01]} Qe3 {[%emt 0:01:15]} 47. h4 {[%emt 0:02:41]} Qg3 {[%emt 0:00:45]} 48. Qdd8 {[%emt 0:01:07]} Rh1 {[%emt 0:00:35]} 0-1

[Event "WJCC U20 Open 2019"]
[Site "New Delhi"]
[Date "2019.10.24"]
[Round "10.14"]
[White "Visakh N R"]
[Black "Pogosyan, Stefan"]
[Result "1/2-1/2"]
[WhiteElo "2529"]
[BlackElo "2364"]
[Annotator "ChessBase"]
[PlyCount "144"]
[EventDate "2019.10.15"]
[EventType "swiss"]
[EventCountry "IND"]
[SourceTitle "playchess.com"]
[Source "ChessBase"]
[SourceQuality "1"]
[TimeControl "40/5400+30:1800+30"]

1. d4 {[%emt 0:00:00]} d5 {[%emt 0:00:00]} 2. c4 {[%emt 0:00:00]} e6 {[%emt 0:00:00]} 3. Nc3 {[%emt 0:00:00]} Nf6 {[%emt 0:00:28]} 4. cxd5 {[%emt 0:00:18]} exd5 {[%emt 0:00:54]} 5. Bg5 {[%emt 0:00:07]} Be7 {[%emt 0:02:52]} 6. e3 {[%emt 0:00:08]} O-O {[%emt 0:00:05]} 7. Bd3 {[%emt 0:00:11]} c6 {[%emt 0:00:04]} 8. Qc2 {[%emt 0:00:09]} h6 {[%emt 0:00:26]} 9. Bh4 {[%emt 0:06:34]} Re8 {[%emt 0:01:22]} 10. Nge2 {[%emt 0:04:01]} Nbd7 {[%emt 0:07:17]} 11. O-O {[%emt 0:05:03]} Ne4 {[%emt 0:03:40]} 12. Bxe7 {[%emt 0:15:15]} Qxe7 {[%emt 0:00:28]} 13. b4 {[%emt 0:00:29]} Ndf6 {[%emt 0:04:08]} 14. b5 {[%emt 0:04:50]} c5 {[%emt 0:02:00]} 15. Bxe4 {[%emt 0:15:06]} dxe4 {[%emt 0:01:16]} 16. Rfc1 {[%emt 0:00:11]} cxd4 {[%emt 0:06:53]} 17. Nxd4 {[%emt 0:00:25]} Bd7 {[%emt 0:00:04]} 18. Qb3 {[%emt 0:07:15]} Qe5 {[%emt 0:01:30]} 19. Nce2 {[%emt 0:01:24]} Rac8 {[%emt 0:05:27]} 20. h3 {[%emt 0:05:05]} Qd6 {[%emt 0:18:42]} 21. Rd1 {[%emt 0:02:33]} Rc5 {[%emt 0:03:33]} 22. Rac1 {[%emt 0:14:54]} Rec8 {[%emt 0:01:54]} 23. Rxc5 {[%emt 0:01:06]} Rxc5 {[%emt 0:02:34]} 24. a4 {[%emt 0:01:34]} Qc7 {[%emt 0:07:13]} 25. Qa3 {[%emt 0:00:54]} a6 {[%emt 0:03:32]} 26. Nf4 {[%emt 0:04:25]} Kh7 {[%emt 0:13:21]} 27. Qb2 {[%emt 0:04:46]} Rc4 {[%emt 0:02:10]} 28. Qa2 {[%emt 0:02:24]} Qc5 {[%emt 0:01:18]} 29. Nb3 {[%emt 0:01:25]} Qb4 {[%emt 0:00:51]} 30. Nd2 {[%emt 0:02:55]} Qxa4 {[%emt 0:01:13]} 31. Qxa4 {[%emt 0:00:02]} Rxa4 {[%emt 0:00:11]} 32. bxa6 {[%emt 0:00:01]} bxa6 {[%emt 0:01:14]} 33. Nb3 {[%emt 0:00:02]} Ra2 {[%emt 0:00:57]} 34. Rd6 {[%emt 0:00:41]} a5 {[%emt 0:01:30]} 35. Nh5 {[%emt 0:00:46]} Nxh5 {[%emt 0:02:48]} 36. Rxd7 {[%emt 0:00:01]} a4 {[%emt 0:00:51]} 37. Nc5 {[%emt 0:00:24]} a3 {[%emt 0:00:13]} 38. Nxe4 {[%emt 0:01:07]} Rc2 {[%emt 0:00:15]} 39. Ra7 {[%emt 0:00:07]} a2 {[%emt 0:00:04]} 40. Kh2 {[%emt 0:00:02]} f5 {[%emt 0:02:07]} 41. g4 {[%emt 0:32:36]} fxe4 {[%emt 0:07:16]} 42. gxh5 {[%emt 0:00:00]} Rxf2+ {[%emt 0:00:05]} 43. Kg3 {[%emt 0:00:00]} Rf3+ {[%emt 0:00:47]} 44. Kg4 {[%emt 0:00:00]} Rxe3 {[%emt 0:00:07]} 45. Rxa2 {[%emt 0:00:00]} Re1 {[%emt 0:00:19]} 46. Kf4 {[%emt 0:00:00]} e3 {[%emt 0:02:32]} 47. Ra3 {[%emt 0:00:00]} Rf1+ {[%emt 0:01:13]} 48. Kxe3 {[%emt 0:00:00]} Rf5 {[%emt 0:00:05]} 49. Ke4 {[%emt 0:00:00]} Rxh5 {[%emt 0:00:05]} 50. Kf4 {[%emt 0:00:00]} Rg5 {[%emt 0:00:27]} 51. Ra6 {[%emt 0:00:00]} Rg1 {[%emt 0:01:41]} 52. Kf3 {[%emt 0:00:00]} h5 {[%emt 0:00:36]} 53. Kf2 {[%emt 0:00:00]} Rg5 {[%emt 0:00:07]} 54. Rb6 {[%emt 0:00:00]} g6 {[%emt 0:00:06]} 55. Ra6 {[%emt 0:00:00]} Kh6 {[%emt 0:00:14]} 56. Ra4 {[%emt 0:00:00]} Rb5 {[%emt 0:00:49]} 57. h4 {[%emt 0:00:00]} Kg7 {[%emt 0:00:04]} 58. Ra6 {[%emt 0:00:00]} Kf7 {[%emt 0:00:17]} 59. Kg3 {[%emt 0:00:00]} Rb3+ {[%emt 0:00:07]} 60. Kg2 {[%emt 0:00:00]} Re3 {[%emt 0:01:24]} 61. Rb6 {[%emt 0:00:00]} Re6 {[%emt 0:00:05]} 62. Rb8 {[%emt 0:00:00]} Kf6 {[%emt 0:00:31]} 63. Rf8+ {[%emt 0:00:00]} Ke5 {[%emt 0:00:02]} 64. Kg3 {[%emt 0:00:00]} Rd6 {[%emt 0:01:17]} 65. Re8+ {[%emt 0:00:00]} Kf5 {[%emt 0:00:06]} 66. Rf8+ {[%emt 0:00:00]} Ke6 {[%emt 0:00:03]} 67. Re8+ {[%emt 0:00:00]} Kf7 {[%emt 0:00:05]} 68. Ra8 {[%emt 0:00:00]} Rd3+ {[%emt 0:00:09]} 69. Kg2 {[%emt 0:00:00]} Ke6 {[%emt 0:00:11]} 70. Rg8 {[%emt 0:00:00]} Kf5 {[%emt 0:00:33]} 71. Kh2 {[%emt 0:00:00]} Rd6 {[%emt 0:01:07]} 72. Kg3 {[%emt 0:00:00]} Rd3+ {[%emt 0:00:15]} 1/2-1/2

[Event "WJCC U20 Open 2019"]
[Site "New Delhi"]
[Date "2019.10.24"]
[Round "10.15"]
[White "Rajdeep Sarkar"]
[Black "Lobanov, Sergei"]
[Result "0-1"]
[WhiteElo "2384"]
[BlackElo "2516"]
[Annotator "TA"]
[PlyCount "76"]
[EventDate "2019.10.15"]
[EventType "swiss"]
[EventCountry "IND"]
[SourceTitle "playchess.com"]
[Source "ChessBase"]
[SourceQuality "1"]

{[%evp 12,76,2,0,0,0,9,0,9,0,9,16,18,13,33,0,29,32,39,20,20,6,81,77,97,92,99,36,50,37,144,60,98,99,100,0,0,-65,-53,-239,-243,-347,-347,-347,-347,-347,-347,-347,-347,-347,-347,-383,-383,-443,-443,-430,-430,-841,-838,-814,-814,-814,-794,-1009,-1008,-1109,-900]} 1. c4 c5 2. Nf3 Nc6 3. d4 cxd4 4. Nxd4 e6 5. Nc3 Nf6 6. a3 Be7 7. e4 O-O {A33: Symmetrical English: 2 Nf3 Nf6 3 d4 cxd4 4 Nxd4 e6 5 Nc3 Nc6} 8. Nf3 b6 9. Be2 Bb7 {The position is equal.} 10. O-O Rc8 11. Bf4 d6 12. Rc1 Ng4 $146 ({Predecessor:} 12... Ne5 13. Nd2 Re8 14. Bg3 a6 15. Re1 Qc7 16. b4 Qb8 17. Bf1 Red8 18. f4 Ng6 19. Nb3 h5 20. f5 exf5 21. exf5 {0-1 (56) Yilmaz,M (2569)-Cheparinov,I (2681) Kocaeli 2014}) 13. Nd2 Nge5 14. Be3 Na5 {[%cal Ra5c4]} 15. Nb5 a6 16. Nd4 d5 (16... Nac6 $11 {remains equal.}) 17. cxd5 $16 Rxc1 18. Qxc1 {b4 is the strong threat.} exd5 19. b4 (19. Nf5 $16) 19... Nac4 $14 20. Nxc4 dxc4 {[#]} (20... Nxc4 $14 21. Rd1 (21. Bxc4 dxc4 22. Rd1 Bxe4 $14) 21... Nxe3 22. Qxe3 Re8) 21. f4 (21. Nf5 $1 $16) 21... Ng6 22. Qxc4 Qa8 23. Bf3 (23. Nf5 $16) 23... Bxe4 $11 24. Rc1 ({White should try} 24. Nf5 $11 Bxf3 25. Rxf3) 24... Nh4 $15 {[%cal Re4f3]} 25. Nc6 $2 (25. Kf2 $15) 25... Nxf3+ $19 26. gxf3 (26. Kh1 $142 Bxc6 27. Qxc6) 26... Bxc6 $1 27. Qxc6 {[#]} Bc5 $1 {[%mdl 512]} 28. Rxc5 (28. bxc5 Qxc6) 28... bxc5 29. Qxa8 Rxa8 30. Bxc5 {[%mdl 4096] Endgame KR-KB} Rd8 31. a4 Rd2 32. h4 f6 {Black is clearly winning.} 33. f5 Kf7 34. a5 (34. Kf1 $142) 34... h5 35. Kf1 Rd5 36. Ke2 Rxf5 37. Kd3 Rf4 38. Kc3 Ke6 {Accuracy: White = 27%, Black = 57%.} 0-1